Energy Geotechnics : proceedings of the 1st International Conference on Energy Geotechnics, ICEGT 2016, Kiel, Germany, 29-31 August 2016

Na minha lista:
Detalhes bibliográficos
Autor Corporativo: International Conference on Energy Geotechnics Kiel, Nemecko
Formato: Conference Proceeding Livro
Idioma:eslovaco
inglês
Publicado em: London : Taylor & Francis Group, 2016
Edição:1. vyd.
Tags: Adicionar Tag
Sem tags, seja o primeiro a adicionar uma tag!

MARC

LEADER 00000nam a22000003a 4500
001 0016844
003 SK-STU
005 20160907112327.4
007 ta
008 160906s ----xo-||||||||||-|||-||slo-d
020 |a 978-1-138-03299-6 
041 0 |a eng 
044 |a xxk 
111 2 |a International Conference on Energy Geotechnics  |n 1st  |c Kiel, Nemecko  |d 29. - 31. 8. 2016 
245 1 0 |a Energy Geotechnics :  |b proceedings of the 1st International Conference on Energy Geotechnics, ICEGT 2016, Kiel, Germany, 29-31 August 2016 
250 |a 1. vyd. 
260 |a London :  |b Taylor & Francis Group,  |c 2016 
300 |a 724 s. 
996 |c V* 2370/sc-16  |l VV5  |s P  |a 0  |w 0016844_0001